| 000 | 00658 a2200229 4500 | ||
|---|---|---|---|
| 999 |
_c4762 _d4762 |
||
| 020 | _a9781779030986 | ||
| 050 |
_aPL8681 _bCHA 1996 |
||
| 100 |
_aChakamba, R.H. _eauthor |
||
| 245 |
_aBudirirai 2 : _bBhuku raVadzidzi / _cR.H. Chakamba and R.G. Sisimayi |
||
| 264 |
_aHarare, Zimbabwe : _bLongman, _c1996 |
||
| 300 |
_a152 pages : _billustrations |
||
| 336 |
_2rdacontent _atext _btxt |
||
| 337 |
_2rdamedia _aunmediated _bn |
||
| 338 |
_2rdacarrier _avolume _bnc |
||
| 500 | _atextbooks | ||
| 504 | _an/a | ||
| 505 | _an/a | ||
| 520 | _an/a | ||
| 650 |
_aShona language _xTextbooks |
||
| 700 |
_aSisimayi, R.G. _eauthor |
||
| 942 |
_2lcc _cBK _h8681 _iCHA` _kPL |
||